[Event "Galicia-ch U14"]
[Site "Padron"]
[Date "2023.02.19"]
[Round "3"]
[White "Oubina Pazos, Cesar"]
[Black "Casares Pedride, Noel"]
[Result "1/2-1/2"]
[WhiteElo "1593"]
[BlackElo "1390"]
[PlyCount "93"]
[EventDate "2023.02.18"]
[EventType "swiss"]
[EventRounds "8"]
[EventCountry "ESP"]
[SourceTitle "EXT 2024"]
[Source "ChessBase"]
[SourceDate "2023.10.10"]
[SourceVersion "1"]
[SourceVersionDate "2023.10.10"]
[SourceQuality "1"]

1. e4 e6 2. d3 d5 3. Nd2 Nf6 4. Ngf3 dxe4 5. dxe4 Nc6 6. Be2 e5 7. 0-0 Bd6 8. b3 0-0 9. Bb2 Be6 10. Ng5 Bc8 11. Bc4 Na5 12. Bd3 h6 13. Ngf3 Re8 14. Nc4 Nxc4 15. Bxc4 Be6 16. Qe2 Qe7 17. Rad1 Rad8 18. Rd2 Bxc4 19. Qxc4 Qe6 20. Qxe6 Rxe6 21. Re1 Ree8 22. g3 Nd7 23. Ree2 g6 24. Rd5 Nb6 25. Rd1 f6 26. Nh4 Kf7 27. Red2 Be7 28. a4 Rxd2 29. Rxd2 Rd8 30. Rxd8 Bxd8 31. Kf1 Nc8 32. Ke2 Nd6 33. Kd3 g5 34. Nf5 Nxf5 35. exf5 Be7 36. Kc4 Ke8 37. Bc1 Kd7 38. Be3 a6 39. a5 Kc6 40. b4 b5+ 41. axb6 cxb6 42. Kb3 b5 43. c4 h5 44. f3 g4 45. f4 Bd6 46. fxe5 Bxe5 47. Bh6 1/2-1/2